| 000 | 00702nam a22002537a 4500 | ||
|---|---|---|---|
| 003 | OSt | ||
| 005 | 20140815172308.0 | ||
| 008 | 140813b xxu||||| |||| 00| 0 eng d | ||
| 020 | _a0-07-304530-6 | ||
| 040 | _cBMC | ||
| 082 | _a613.71 | ||
| 082 | _a796 | ||
| 082 | _a790 | ||
| 100 | 1 |
_923836 _aMood, Dale |
|
| 245 | 1 | 0 |
_aSport and recreational activities _cDale P. Mood, Frank F. Musker, Judith E. Rink |
| 260 |
_aBoston [etc.] _bMcGraw-Hill _c2007 |
||
| 300 |
_aXIII, 719 p. _bil. _c27 cm |
||
| 650 | 2 | 4 |
_94335 _aEjercicio fĂsico |
| 650 | 2 | 4 |
_9498 _aDeportes |
| 650 | 2 | 4 |
_95270 _aActividades recreativas |
| 700 | 1 |
_923837 _aMusker, Frank |
|
| 700 | 1 |
_923838 _aRink, Judith |
|
| 942 |
_2ddc _cBK |
||
| 999 |
_c12998 _d12998 |
||